Neural network fundamentals with graphs, algorithms and applications

Αποθηκεύτηκε σε:
Λεπτομέρειες βιβλιογραφικής εγγραφής
Κύριος συγγραφέας: Bose, N. K. (Nirmal K.) 1940-
Άλλοι συγγραφείς: Liang, Ping 1958-
Μορφή: Βιβλίο
Γλώσσα:English
Δημοσίευση: New York ; St. Louis : McGraw-Hill, c1996
Σειρά:McGraw-Hill series in electrical engineering. Communications and signal processing
Θέματα:
Ετικέτες: Προσθήκη ετικέτας
Δεν υπάρχουν, Καταχωρήστε ετικέτα πρώτοι!

MARC

LEADER 00000nam a2200000 i 4500
001 1/105141
008 000323s1996 eng d
020 |a 0-07-114064-6 
035 |l 10059123 
040 |a GR-MY-UA  |b gre  |e aacr 
041 0 |a eng 
082 0 |a 006.3 
100 1 |a Bose, N. K.  |q (Nirmal K.)  |d 1940- 
245 1 0 |a Neural network fundamentals with graphs, algorithms and applications /  |c N.K. Bose, P. Liang 
260 |a New York ; St. Louis :   |b McGraw-Hill,   |c c1996 
300 |a xxxiii, 478 p.;  |b ill.;  |c 25 cm. 
490 1 |a McGraw-Hill series in electrical engineering. Communications and signal processing 
504 |a Includes bibliographical references and index 
650 0 0 |a Neural networks (Computer science) 
700 1 |a Liang, Ping  |d 1958- 
830 0 |a McGraw-Hill series in electrical engineering. Communications and signal processing 
852 |a INST  |b SAMOS  |e 20000323  |h 006.3 BOS  |p 005300017955  |q 005300017955  |t BK  |y 0 
901 |a BIBL3-2000-1 
909 |a Σ  |b 076690 
922 |a 3ΕΛΗ  |b 200003  |c ΚΠΣ  |d ΠΑΠΑΣΩΤΗΡΙΟΥ 
950 |a 116-1999-12-31 
970 |a ΓΕΝΟΥΖΟΥ  |b ΧΡΥΣΑΝΘΗ  |z 2000/04/20